[Event "40th ECC Open 2025"]
[Site "Rhodes GRE"]
[Date "2025.10.25"]
[Round "7.80"]
[White "Wachinger, Nikolas"]
[Black "Haring, Filip"]
[Result "0-1"]
[WhiteTitle "IM"]
[BlackTitle "IM"]
[WhiteElo "2456"]
[BlackElo "2479"]
[WhiteTeam "SV Werder Bremen"]
[BlackTeam "SK K Cero Invest Nitra"]
[WhiteFideId "12962791"]
[BlackFideId "14933080"]
[EventDate "2025.10.19"]

1. c4 c5 2. Nf3 Nf6 3. Nc3 Nc6 4. d4 cxd4 5. Nxd4 e6 6. a3 Bc5 7. Nb3 Bb6 8. c5
Bc7 9. g3 O-O 10. Bg2 b6 11. O-O Be5 12. Qd3 bxc5 13. Nxc5 d5 14. e4 Bd6 15. b4
Bxc5 16. bxc5 Qa5 17. Rd1 Ba6 18. Qd2 d4 19. Na2 e5 20. Qc2 d3 21. Qc3 Qa4 22.
Bb2 Nd4 23. Kh1 Ng4 24. Rf1 d2 25. Qxd2 Bxf1 26. Rxf1 Qc4 27. Nb4 Qxc5 28. Qg5
Nf6 29. Nd3 Qc2 30. Bxd4 exd4 31. Nb4 Qe2 32. e5 Ne4 33. Qf5 Nd2 34. Rc1 Rae8
35. Nc6 Nb3 36. Bf1 Qa2 37. Bc4 Qxa3 38. Rc2 Nc5 39. Kg2 d3 40. Ra2 Qc3 41. Qf4
Ne6 42. Qe4 d2 43. Be2 Qc1 44. Qf3 Nd8 45. Nxd8 Rxd8 46. Bd1 Qc5 47. Bb3 Qd4 48.
Bd1 Qxe5 49. Rxa7 Qd5 0-1

[Event "40th ECC Open 2025"]
[Site "Rhodes GRE"]
[Date "2025.10.25"]
[Round "7.81"]
[White "Stohl, Igor"]
[Black "Colbow, Collin"]
[Result "1/2-1/2"]
[WhiteTitle "GM"]
[BlackTitle "IM"]
[WhiteElo "2394"]
[BlackElo "2435"]
[WhiteTeam "SK K Cero Invest Nitra"]
[BlackTeam "SV Werder Bremen"]
[WhiteFideId "14900025"]
[BlackFideId "16201132"]
[EventDate "2025.10.19"]

1. d4 Nf6 2. c4 e6 3. Nc3 d5 4. Bg5 Be7 5. e3 O-O 6. Nf3 h6 7. Bh4 b6 8. cxd5
Nxd5 9. Bxe7 Qxe7 10. Nxd5 exd5 11. Rc1 Be6 12. Qa4 c5 13. Qa3 Rc8 14. Be2 Qb7
15. dxc5 bxc5 16. O-O Qb6 17. Ne5 a5 18. Rfd1 Nc6 19. Nxc6 Rxc6 20. Bf3 Rd8 21.
h3 Rcc8 22. Rc2 d4 23. exd4 cxd4 24. Rcd2 Rc7 25. Be4 Rc4 26. Qe7 Rdc8 27. b3
Rc1 28. Rxc1 Rxc1+ 29. Kh2 Rc8 30. Rc2 Qb8+ 31. g3 Re8 32. Qc7 Qb4 33. Qc6 Rb8
34. Bd3 Rd8 35. Qc7 Re8 1/2-1/2

[Event "40th ECC Open 2025"]
[Site "Rhodes GRE"]
[Date "2025.10.25"]
[Round "7.82"]
[White "Grigorian, Spartak"]
[Black "Bochnicka, Vladimir ml."]
[Result "0-1"]
[WhiteTitle "IM"]
[BlackTitle "IM"]
[WhiteElo "2424"]
[BlackElo "2347"]
[WhiteTeam "SV Werder Bremen"]
[BlackTeam "SK K Cero Invest Nitra"]
[WhiteFideId "24661490"]
[BlackFideId "14943450"]
[EventDate "2025.10.19"]

1. d4 Nf6 2. c4 g6 3. Nc3 Bg7 4. e4 d6 5. f3 O-O 6. Nge2 a6 7. Be3 b5 8. Qd2 c6
9. Bh6 e5 10. O-O-O Qa5 11. a3 Bxh6 12. Qxh6 b4 13. axb4 Qxb4 14. g4 a5 15. Kc2
a4 16. Nc1 Na6 17. N3a2 Qb7 18. Qe3 Rb8 19. Qa3 exd4 20. Rxd4 c5 21. Rxd6 Nxe4
22. Rxa6 Nf2 23. Rxa4 Nxh1 24. Ra7 Qc6 25. Bg2 Nf2 26. Nc3 Bxg4 27. Nd5 Bf5+ 28.
Kd2 Rfe8 29. Ra6 Qxa6 0-1

[Event "40th ECC Open 2025"]
[Site "Rhodes GRE"]
[Date "2025.10.25"]
[Round "7.83"]
[White "Jablonicky, Martin"]
[Black "Reuker, Jari"]
[Result "1-0"]
[WhiteTitle "IM"]
[BlackTitle "IM"]
[WhiteElo "2330"]
[BlackElo "2390"]
[WhiteTeam "SK K Cero Invest Nitra"]
[BlackTeam "SV Werder Bremen"]
[WhiteFideId "14925621"]
[BlackFideId "12909300"]
[EventDate "2025.10.19"]

1. d4 Nf6 2. c4 e6 3. Nf3 d5 4. Nc3 Bb4 5. e3 O-O 6. Bd2 b6 7. cxd5 exd5 8. a3
Bd6 9. Qc2 a6 10. Bd3 Bb7 11. O-O Re8 12. Rfc1 Nbd7 13. b4 Qe7 14. Rab1 Ne4 15.
Be1 f5 16. Ne2 Kh8 17. Nd2 Qe6 18. Nf1 Re7 19. f3 Ndf6 20. Nf4 Bxf4 21. exf4 Nd6
22. Bh4 Rf7 23. Re1 Qd7 24. Re5 Nh5 25. g3 Qc6 26. Qxc6 Bxc6 27. Ne3 Bb5 28. Rd1
Bxd3 29. Rxd3 c6 30. Re6 Rd7 31. a4 Kg8 32. Rc3 Kf7 33. Re5 Rc8 34. Nxf5 Nc4 35.
Re2 a5 36. bxa5 Nxa5 37. Rce3 Rcc7 38. Re8 Nb3 39. Rh8 Nf6 40. Rb2 Nxd4 41. Nxd4
c5 42. Bxf6 gxf6 43. Rxh7+ Ke8 44. Re2+ Kf8 45. Ne6+ Kg8 46. Rh4 Ra7 47. Rg4+
Kh8 48. Nf8 Rd8 49. Rh4+ Kg8 50. Ng6 Kg7 51. f5 d4 52. Ree4 d3 53. Reg4 Raa8 54.
Ne7+ Kf8 55. Rh7 Ke8 56. Nd5 Kf8 57. Nxf6 1-0

[Event "40th ECC Open 2025"]
[Site "Rhodes GRE"]
[Date "2025.10.25"]
[Round "7.84"]
[White "Schulze, Lara"]
[Black "Chovan, Milan"]
[Result "1/2-1/2"]
[WhiteTitle "FM"]
[BlackTitle "FM"]
[WhiteElo "2319"]
[BlackElo "2304"]
[WhiteTeam "SV Werder Bremen"]
[BlackTeam "SK K Cero Invest Nitra"]
[WhiteFideId "12956830"]
[BlackFideId "14933691"]
[EventDate "2025.10.19"]

1. e4 e5 2. Nf3 Nc6 3. Bc4 Nf6 4. d3 Be7 5. Nc3 d6 6. a3 O-O 7. O-O Be6 8. Nd5
a5 9. Re1 a4 10. c3 Bd7 11. d4 Na5 12. Nxe7+ Qxe7 13. Bd3 Nb3 14. Rb1 Nxc1 15.
Rxc1 h6 16. h3 Rfd8 17. Qe2 Nh5 18. Qe3 Nf4 19. Bf1 Qf6 20. Kh2 g5 21. g3 Ng6
22. Rcd1 Kg7 23. Rd2 g4 24. hxg4 Bxg4 25. Bg2 Rh8 26. Rh1 h5 27. Kg1 h4 28. Nxh4
Nxh4 29. Rxh4 Rxh4 30. gxh4 Rh8 31. dxe5 dxe5 32. Qg5+ Qxg5 33. hxg5 Kg6 34. Rd5
Re8 35. Kh2 c6 36. Rd6+ Kxg5 37. Kg3 Be6 38. Bf1 Rh8 39. f3 Rh1 40. Kg2 Rh8 41.
Kg3 Rh1 42. Kg2 Rh8 1/2-1/2

[Event "40th ECC Open 2025"]
[Site "Rhodes GRE"]
[Date "2025.10.25"]
[Round "7.85"]
[White "Seel, Christian"]
[Black "Dotzer, Lukas"]
[Result "1/2-1/2"]
[WhiteTitle "IM"]
[BlackTitle "IM"]
[WhiteElo "2481"]
[BlackElo "2463"]
[WhiteTeam "KSK Rochade (BEL)"]
[BlackTeam "Schachfreunde Berlin 1903"]
[WhiteFideId "4663098"]
[BlackFideId "1666975"]
[EventDate "2025.10.19"]

1. Nf3 d5 2. g3 Nf6 3. Bg2 e6 4. O-O Be7 5. c4 O-O 6. d4 c6 7. Qc2 b6 8. b3 Nbd7
9. Nbd2 Bb7 10. Bb2 c5 11. Rac1 Rc8 12. Qb1 dxc4 13. Nxc4 Be4 14. Qa1 cxd4 15.
Bxd4 Rc7 16. Ncd2 Bb7 17. Rxc7 Qxc7 18. Rc1 Qb8 19. Ne5 Bxg2 20. Kxg2 Qb7+ 21.
Kg1 Nxe5 22. Bxe5 Rc8 23. Nf3 Rxc1+ 24. Qxc1 Ne4 25. Qc4 b5 26. Qd3 h5 27. Bb2
Ng5 28. Nxg5 Bxg5 29. h4 Be7 30. Bc3 a6 31. Be5 1/2-1/2

[Event "40th ECC Open 2025"]
[Site "Rhodes GRE"]
[Date "2025.10.25"]
[Round "7.86"]
[White "Baum, Jonasz"]
[Black "Nagy, Gabor1"]
[Result "1/2-1/2"]
[WhiteTitle "IM"]
[BlackTitle "GM"]
[WhiteElo "2446"]
[BlackElo "2441"]
[WhiteTeam "Schachfreunde Berlin 1903"]
[BlackTeam "KSK Rochade (BEL)"]
[WhiteFideId "1195360"]
[BlackFideId "737119"]
[EventDate "2025.10.19"]

1. d4 Nf6 2. c4 e6 3. Nf3 b6 4. g3 Bb7 5. Bg2 Bb4+ 6. Bd2 Be7 7. O-O O-O 8. Nc3
c6 9. Rc1 d5 10. Qa4 Nbd7 11. cxd5 cxd5 12. Bf4 a6 13. Qb3 Rc8 14. Nb1 b5 15.
Rxc8 Qxc8 16. Rc1 Qa8 17. Ne1 Rc8 18. Rxc8+ Qxc8 19. Qc2 Qxc2 20. Nxc2 Ne4 21.
Bc1 Kf8 22. Nd2 Nd6 23. Kf1 Ke8 24. Nb3 Nc4 25. Nd2 Nd6 26. Nb3 Nc4 27. Nd2 Nd6 1/2-1/2

[Event "40th ECC Open 2025"]
[Site "Rhodes GRE"]
[Date "2025.10.25"]
[Round "7.87"]
[White "Glek, Igor"]
[Black "Schmidek, Emil"]
[Result "1/2-1/2"]
[WhiteTitle "GM"]
[BlackTitle "IM"]
[WhiteElo "2432"]
[BlackElo "2427"]
[WhiteTeam "KSK Rochade (BEL)"]
[BlackTeam "Schachfreunde Berlin 1903"]
[WhiteFideId "4100484"]
[BlackFideId "12908150"]
[EventDate "2025.10.19"]

1. e4 c6 2. c4 d5 3. cxd5 cxd5 4. exd5 Nf6 5. Nc3 Nxd5 6. Nf3 Nc6 7. Bb5 g6 8.
Qa4 Qd6 9. Ne4 Qe6 10. O-O Bg7 11. Re1 O-O 12. d4 a6 13. Bxc6 Qxc6 14. Qxc6 bxc6
15. Bd2 Bf5 16. Rac1 Rfb8 17. b3 a5 18. Rxc6 a4 19. Nc5 axb3 20. axb3 Ra2 21. h3
Bxd4 22. Nxd4 Rxd2 23. Nf3 Ra2 24. Ne5 Ra7 25. g4 Bc8 26. Rd1 Be6 27. Nxe6 fxe6
28. Rxe6 Nf4 29. Nc6 Nxe6 30. Nxb8 Rb7 31. Nc6 Rxb3 32. Nxe7+ Kf8 33. Nd5 1/2-1/2

[Event "40th ECC Open 2025"]
[Site "Rhodes GRE"]
[Date "2025.10.25"]
[Round "7.88"]
[White "Florstedt, Johannes"]
[Black "Berczes, David"]
[Result "1/2-1/2"]
[WhiteTitle "FM"]
[BlackTitle "GM"]
[WhiteElo "2413"]
[BlackElo "2419"]
[WhiteTeam "Schachfreunde Berlin 1903"]
[BlackTeam "KSK Rochade (BEL)"]
[WhiteFideId "12922293"]
[BlackFideId "722960"]
[EventDate "2025.10.19"]

1. e4 e6 2. d4 d5 3. Nc3 Nf6 4. e5 Nfd7 5. f4 c5 6. Nf3 Nc6 7. Be3 cxd4 8. Nxd4
Qb6 9. Qd2 Qxb2 10. Rb1 Qa3 11. Bb5 Nxd4 12. Bxd4 a6 13. Bxd7+ Bxd7 14. Rb3 Qe7
15. Rxb7 Qh4+ 16. Bf2 Qd8 17. Bb6 Qc8 18. Rc7 Qd8 19. Rb7 Qc8 20. Rc7 Qd8 21.
Rb7 Qc8 22. Rc7 Qd8 1/2-1/2

[Event "40th ECC Open 2025"]
[Site "Rhodes GRE"]
[Date "2025.10.25"]
[Round "7.89"]
[White "Harff, Marcel"]
[Black "Poltorak, Sebastian"]
[Result "1-0"]
[WhiteTitle "FM"]
[BlackTitle "IM"]
[WhiteElo "2319"]
[BlackElo "2413"]
[WhiteTeam "KSK Rochade (BEL)"]
[BlackTeam "Schachfreunde Berlin 1903"]
[WhiteFideId "24621382"]
[BlackFideId "1199498"]
[EventDate "2025.10.19"]

1. c4 e5 2. Nc3 Nf6 3. Nf3 Nc6 4. e3 Be7 5. d4 exd4 6. Nxd4 O-O 7. Be2 d5 8.
cxd5 Nb4 9. O-O Nbxd5 10. Nxd5 Nxd5 11. Bf3 Nb6 12. Qc2 c6 13. Rd1 Qc7 14. b3
Qe5 15. Bb2 Qg5 16. Be4 f5 17. Bd3 Kh8 18. Nf3 Qh5 19. Be5 Nd5 20. Be2 Qg6 21.
Qb2 a5 22. a3 Be6 23. Nd4 Bd7 24. Bf3 Nf6 25. Ne2 Rfd8 26. h3 Qf7 27. Nf4 Be8
28. Be2 b5 29. a4 Rxd1+ 30. Rxd1 Rd8 31. Rxd8 Bxd8 32. Qc2 Bd7 33. Bf3 Qe8 34.
Bd4 bxa4 35. bxa4 Bc7 36. Qc3 Bd8 37. Nd3 c5 38. Nxc5 Bxa4 39. Nxa4 Qxa4 40. Qc5
Qe8 41. Qxf5 a4 42. Bd1 a3 43. Qd3 Be7 44. Bb3 Qa8 45. Qc4 Qf8 46. Qe6 Bb4 47.
g4 h6 48. Kg2 Be1 49. e4 Qd8 50. Be3 Qa8 51. f3 Bc3 52. h4 Qb8 53. g5 Nh5 54. f4
Bd4 55. gxh6 Qf8 56. Kf3 Bb2 57. hxg7+ Bxg7 58. e5 Bh6 59. Qf7 Qa8+ 60. Bd5 a2
61. Bd4 Qa3+ 62. Kg4 Qg3+ 63. Kxh5 1-0

[Event "40th ECC Open 2025"]
[Site "Rhodes GRE"]
[Date "2025.10.25"]
[Round "7.90"]
[White "Polzin, Rainer"]
[Black "Meessen, Rudolf"]
[Result "1-0"]
[WhiteTitle "GM"]
[BlackTitle "FM"]
[WhiteElo "2393"]
[BlackElo "2200"]
[WhiteTeam "Schachfreunde Berlin 1903"]
[BlackTeam "KSK Rochade (BEL)"]
[WhiteFideId "4610741"]
[BlackFideId "202029"]
[EventDate "2025.10.19"]

1. e4 e6 2. d4 d5 3. Nc3 Nf6 4. e5 Nfd7 5. f4 c5 6. Nf3 Nc6 7. Be3 cxd4 8. Nxd4
Bc5 9. Qd2 O-O 10. g3 Rb8 11. Bg2 Nxd4 12. Bxd4 b5 13. Ne2 b4 14. Bxc5 Nxc5 15.
Nd4 Qb6 16. O-O Ne4 17. Qe3 a5 18. Rfe1 g6 19. Rad1 Bb7 20. g4 Rfe8 21. Bxe4
dxe4 22. Nf5 Qxe3+ 23. Nxe3 g5 24. fxg5 Rec8 25. Rd7 Bc6 26. Ra7 Rb5 27. Nc4 Rc5
28. Nd6 Rf8 29. Re2 Rxe5 30. Rc7 Ba8 31. h4 f5 32. gxf6 Rxf6 33. Rc8+ Rf8 34.
Rxf8+ Kxf8 35. Nc4 Rd5 36. Ne3 Rd4 37. Kf2 Bc6 38. Ke1 Bb5 39. Rd2 Rxd2 40. Kxd2
Ke7 41. g5 e5 42. Ng4 Be8 43. Nf6 Bg6 44. Ke3 Ke6 45. h5 Bf5 46. Nxh7 Bg4 47. g6
Ke7 48. h6 Bf5 49. Ng5 Kf8 50. g7+ Kg8 51. Nxe4 1-0

[Event "40th ECC Open 2025"]
[Site "Rhodes GRE"]
[Date "2025.10.25"]
[Round "7.91"]
[White "Ragger, Markus"]
[Black "Laurusas, Tomas"]
[Result "1-0"]
[WhiteTitle "GM"]
[BlackTitle "GM"]
[WhiteElo "2567"]
[BlackElo "2504"]
[WhiteTeam "SG Riehen"]
[BlackTeam "Vilnius MRU-ROSK Consulting"]
[WhiteFideId "1610856"]
[BlackFideId "12803731"]
[EventDate "2025.10.19"]

1. e4 e5 2. Nf3 Nf6 3. d4 Nxe4 4. dxe5 d5 5. Nbd2 Nxd2 6. Qxd2 c5 7. c4 d4 8.
Bd3 Be7 9. O-O Nc6 10. Re1 Be6 11. a3 h6 12. Qe2 Qd7 13. Nd2 a5 14. Ne4 a4 15.
Bd2 Na5 16. Bxa5 Rxa5 17. f4 g6 18. Nf6+ Bxf6 19. exf6 Ra6 20. g4 Qd8 21. f5
gxf5 22. gxf5 Rg8+ 23. Kh1 Qxf6 24. Rg1 Rg5 25. Rxg5 hxg5 26. Rf1 Qe7 27. fxe6
Rxe6 28. Qg4 Kd8 29. Qg3 Re5 30. Kg2 f6 31. Rf5 Kc7 32. Rxe5 fxe5 33. Qf3 Kb6
34. Qf5 Ka7 35. Be4 Qd6 36. Qxg5 d3 37. Qd2 Qd4 38. Qxd3 Qxb2+ 39. Kg3 Qc1 40.
h4 1-0

[Event "40th ECC Open 2025"]
[Site "Rhodes GRE"]
[Date "2025.10.25"]
[Round "7.92"]
[White "Pultinevicius, Paulius"]
[Black "Rosner, Jonas"]
[Result "1-0"]
[WhiteTitle "GM"]
[BlackTitle "IM"]
[WhiteElo "2532"]
[BlackElo "2431"]
[WhiteTeam "Vilnius MRU-ROSK Consulting"]
[BlackTeam "SG Riehen"]
[WhiteFideId "12809390"]
[BlackFideId "24608513"]
[EventDate "2025.10.19"]

1. c4 c6 2. g3 d5 3. Nf3 Nf6 4. Bg2 dxc4 5. O-O Nbd7 6. Qc2 Nb6 7. Na3 Be6 8.
Ne5 h5 9. Naxc4 Nxc4 10. Nxc4 h4 11. Ne5 hxg3 12. hxg3 Qd4 13. Qc3 Qd6 14. d4
Rd8 15. Qc2 Qxd4 16. Bf4 g6 17. a4 a5 18. Rfd1 Qb6 19. b4 Bd5 20. bxa5 Qxa5 21.
Bxd5 cxd5 22. Nxg6 Rh5 23. Bc7 Rc8 24. Bxa5 Rxc2 25. Nf4 Re5 26. Rac1 Rxc1 27.
Rxc1 Bh6 28. Rc8+ Kd7 29. Rc7+ Kd6 30. Rxb7 Bxf4 31. Bc7+ Kc6 32. Bxe5 Kxb7 33.
Bxf6 Bd6 34. Bc3 Kb6 35. Kg2 Kc5 36. Kf3 Kc4 37. Bd2 f5 38. g4 fxg4+ 39. Kxg4 e5
40. a5 e4 41. Kf5 Bc5 42. e3 Kd3 43. Bc1 d4 1-0

[Event "40th ECC Open 2025"]
[Site "Rhodes GRE"]
[Date "2025.10.25"]
[Round "7.93"]
[White "Haag, Gregor"]
[Black "Klabis, Rokas"]
[Result "1/2-1/2"]
[WhiteTitle "FM"]
[BlackTitle "IM"]
[WhiteElo "2403"]
[BlackElo "2391"]
[WhiteTeam "SG Riehen"]
[BlackTeam "Vilnius MRU-ROSK Consulting"]
[WhiteFideId "24680931"]
[BlackFideId "12805246"]
[EventDate "2025.10.19"]

1. d4 Nf6 2. c4 e6 3. Nf3 Bb4+ 4. Bd2 c5 5. Bxb4 cxb4 6. a3 bxa3 7. Rxa3 O-O 8.
Nc3 d6 9. e3 Nc6 10. Be2 Nb4 11. Na2 Nxa2 12. Rxa2 b6 13. O-O Bb7 14. Nd2 Qe7
15. b4 a6 16. Qa1 Nd7 17. Rc1 Rac8 18. Bf3 Bxf3 19. Nxf3 Nb8 20. h3 Rc7 21. Rac2
Rfc8 22. Qa3 h6 23. e4 Nc6 24. d5 Nb8 25. Qd3 e5 26. Qa3 a5 27. bxa5 Ra7 28. Qe3
bxa5 29. c5 dxc5 30. Rxc5 Rac7 31. Rxc7 Rxc7 32. Ra1 Qb4 33. Qe1 Qxe1+ 34. Nxe1
Ra7 35. Nd3 Nd7 1/2-1/2

[Event "40th ECC Open 2025"]
[Site "Rhodes GRE"]
[Date "2025.10.25"]
[Round "7.94"]
[White "Vedrickas, Tautvydas"]
[Black "Cvitan, Ognjen"]
[Result "0-1"]
[WhiteTitle "FM"]
[BlackTitle "GM"]
[WhiteElo "2308"]
[BlackElo "2387"]
[WhiteTeam "Vilnius MRU-ROSK Consulting"]
[BlackTeam "SG Riehen"]
[WhiteFideId "12802654"]
[BlackFideId "14500086"]
[EventDate "2025.10.19"]

1. d4 Nf6 2. c4 e6 3. Bg5 d5 4. Nc3 Be7 5. cxd5 exd5 6. e3 O-O 7. Bd3 h6 8. Bh4
Re8 9. Nge2 c6 10. O-O Nbd7 11. f3 b5 12. Bf2 Nb6 13. Ng3 Bd7 14. Kh1 Rc8 15. e4
b4 16. Nce2 dxe4 17. fxe4 c5 18. e5 Ng4 19. Ba6 Rb8 20. Bg1 cxd4 21. Nxd4 Nxe5
22. Ngf5 Bf8 23. Qb3 g6 24. Ng3 Ba4 25. Qe3 Nd5 26. Qf2 Rb6 27. Be2 Rf6 28. Nf3
Nxf3 29. Bxf3 Nb6 30. b3 Bb5 31. Rfd1 Qb8 32. Rac1 Ree6 33. Qb2 Rf4 34. Qd2 Be7
35. Be3 Rh4 36. Kg1 Kh7 37. Qf2 Bg5 38. Bxg5 hxg5 39. Rc5 Re5 40. Bg4 Rxc5 41.
Qxf7+ Kh6 42. Bf5 Qe8 0-1

[Event "40th ECC Open 2025"]
[Site "Rhodes GRE"]
[Date "2025.10.25"]
[Round "7.95"]
[White "Jaeggi, Dorian"]
[Black "Sakalauskas, Vaidas"]
[Result "1/2-1/2"]
[WhiteTitle "FM"]
[BlackTitle "IM"]
[WhiteElo "2327"]
[BlackElo "2317"]
[WhiteTeam "SG Riehen"]
[BlackTeam "Vilnius MRU-ROSK Consulting"]
[WhiteFideId "1306294"]
[BlackFideId "12800457"]
[EventDate "2025.10.19"]

1. d4 d5 2. c4 dxc4 3. e3 e6 4. Bxc4 c5 5. Nf3 a6 6. O-O Nf6 7. Nbd2 Nc6 8. dxc5
Bxc5 9. a3 O-O 10. b4 Ba7 11. Bb2 b5 12. Be2 Bb7 13. Rc1 Qe7 14. Nb3 Rfd8 15.
Qc2 Rac8 16. Qb1 Nb8 17. Rxc8 Rxc8 18. Rc1 Rxc1+ 19. Qxc1 Qd8 20. Na5 Bd5 21.
Bd4 Bxd4 22. Nxd4 Ne8 23. Qc5 Qc7 24. Ndb3 f5 25. Qxc7 Nxc7 26. Nc5 Nc6 27. Nxc6
Bxc6 28. f3 Kf7 29. Kf2 Ke7 30. Ke1 Kd6 31. Nb3 e5 1/2-1/2

[Event "40th ECC Open 2025"]
[Site "Rhodes GRE"]
[Date "2025.10.25"]
[Round "7.96"]
[White "Setkauskas, Vaidas"]
[Black "Collin, Moritz Valentin"]
[Result "0-1"]
[BlackTitle "FM"]
[WhiteElo "2272"]
[BlackElo "2282"]
[WhiteTeam "Vilnius MRU-ROSK Consulting"]
[BlackTeam "SG Riehen"]
[WhiteFideId "12803936"]
[BlackFideId "1342932"]
[EventDate "2025.10.19"]

1. e4 c5 2. Nf3 e6 3. d4 cxd4 4. Nxd4 Nc6 5. Nc3 Qc7 6. Be3 a6 7. a3 b5 8. Nxc6
Qxc6 9. Bd3 Bb7 10. Qd2 Rc8 11. O-O-O b4 12. axb4 Bxb4 13. Bd4 f6 14. e5 f5 15.
g4 Ne7 16. gxf5 exf5 17. Rhg1 Rg8 18. e6 dxe6 19. Bxg7 Qc7 20. f4 Qa5 21. Qe2
Rxg7 22. Rxg7 Bxc3 23. Qh5+ Kd8 24. Bb5+ Kc7 25. bxc3 Qa3+ 26. Kb1 Bd5 27. Rxd5
exd5 28. Qxh7 Rb8 29. Rxe7+ Kb6 30. Re8 Rb7 31. Re6+ Ka7 32. Qxb7+ Kxb7 33. Bc6+
Ka7 34. Bxd5 Qxc3 35. Re7+ Kb8 36. Re6 Qb4+ 37. Bb3 a5 38. Rc6 a4 0-1

[Event "40th ECC Open 2025"]
[Site "Rhodes GRE"]
[Date "2025.10.25"]
[Round "7.97"]
[White "Ten Hertog, Hugo"]
[Black "Movsesian, Sergei"]
[Result "0-1"]
[WhiteTitle "GM"]
[BlackTitle "GM"]
[WhiteElo "2532"]
[BlackElo "2600"]
[WhiteTeam "Paul Keres #1"]
[BlackTeam "Sigil Fund Pardubice"]
[WhiteFideId "1026356"]
[BlackFideId "310204"]
[EventDate "2025.10.19"]

1. Nf3 Nf6 2. c4 e6 3. g3 d5 4. Bg2 Be7 5. O-O O-O 6. cxd5 exd5 7. b3 a5 8. Bb2
a4 9. bxa4 Nbd7 10. Nc3 Nb6 11. Qc2 d4 12. Nb5 c5 13. Ba3 Nxa4 14. Ne5 Ng4 15.
Nxg4 Bxg4 16. Qe4 Bd7 17. Rab1 Bc6 18. Qe5 Qd7 19. Qc7 Bxb5 20. Qxd7 Bxd7 21.
Rxb7 Nb6 22. Rb1 Rxa3 23. R1xb6 Bd8 0-1

[Event "40th ECC Open 2025"]
[Site "Rhodes GRE"]
[Date "2025.10.25"]
[Round "7.98"]
[White "Hracek, Zbynek"]
[Black "Ootes, Lars"]
[Result "1-0"]
[WhiteTitle "GM"]
[BlackTitle "IM"]
[WhiteElo "2539"]
[BlackElo "2357"]
[WhiteTeam "Sigil Fund Pardubice"]
[BlackTeam "Paul Keres #1"]
[WhiteFideId "300071"]
[BlackFideId "1019708"]
[EventDate "2025.10.19"]

1. e4 d6 2. d4 Nf6 3. Nc3 g6 4. Be3 Bg7 5. Qd2 a6 6. Nf3 O-O 7. Bh6 c5 8. h4
cxd4 9. Nxd4 Bxh6 10. Qxh6 Nc6 11. O-O-O Ng4 12. Qd2 Qb6 13. f3 Qxd4 14. Qxd4
Nxd4 15. Rxd4 Ne3 16. Nd5 Nxd5 17. exd5 f5 18. Bd3 Bd7 19. Kd2 Kg7 20. Re1 Kf6
21. g4 h5 22. gxh5 gxh5 23. Rc4 Rac8 24. Rxc8 Rxc8 25. Ke3 b5 26. Rg1 Rc5 27.
Kd4 e5+ 28. dxe6 Bxe6 29. b3 Bf7 30. a3 Rc8 31. Rg5 Rc5 32. f4 Bg6 33. c4 bxc4
34. Bxc4 a5 35. b4 axb4 36. axb4 Rc6 37. b5 Rb6 38. Rg1 Be8 39. Ra1 Rb8 40. Rb1
Rb6 41. Bd3 Bd7 42. Kc4 Be6+ 43. Kb4 Bd5 44. Ra1 Rb8 45. Bc4 Bxc4 46. Kxc4 Ke6
47. Ra6 Rc8+ 48. Rc6 Ra8 49. b6 Ra1 50. b7 Rb1 51. Rc7 Rc1+ 52. Kb5 Rb1+ 53. Ka6
Kd5 54. Ka7 Ke4 55. Rc4+ Kd3 56. Ra4 d5 57. b8=Q Rxb8 58. Kxb8 Ke3 59. Kc7 d4
60. Kd6 d3 61. Ke5 1-0

[Event "40th ECC Open 2025"]
[Site "Rhodes GRE"]
[Date "2025.10.25"]
[Round "7.99"]
[White "Kerigan, Demre"]
[Black "Nemec, Jachym"]
[Result "0-1"]
[WhiteTitle "IM"]
[BlackTitle "FM"]
[WhiteElo "2358"]
[BlackElo "2448"]
[WhiteTeam "Paul Keres #1"]
[BlackTeam "Sigil Fund Pardubice"]
[WhiteFideId "6307841"]
[BlackFideId "23716525"]
[EventDate "2025.10.19"]

1. e4 c6 2. d4 d5 3. Nc3 dxe4 4. Nxe4 Nf6 5. Nxf6+ exf6 6. Be3 Bd6 7. Bd3 O-O 8.
Ne2 Na6 9. a3 Bf5 10. O-O Qd7 11. Ng3 Bg6 12. c4 Rfe8 13. Bxg6 hxg6 14. Qf3 Nc7
15. Rfd1 f5 16. Rac1 Rad8 17. Ne2 f6 18. h4 Re4 19. g3 Rde8 20. Nc3 Rg4 21. c5
Rxe3 22. Qxe3 Bf4 23. Qd3 Bxc1 24. Ne2 Bh6 25. f3 Rxh4 26. gxh4 Nd5 27. Nc3 Nf4
28. Qc4+ Kh7 29. Re1 Qc7 30. Re8 Nd5 31. Ne2 Qd7 32. Ra8 Be3+ 33. Kg2 f4 34. Nc3
Qf5 35. Ne4 Qh5 36. Qf1 Bxd4 37. Kh3 Ne3 38. Qe2 g5 0-1

[Event "40th ECC Open 2025"]
[Site "Rhodes GRE"]
[Date "2025.10.25"]
[Round "7.100"]
[White "Delgerdalai, Bayarjavkhlan"]
[Black "Ondersteijn, Niels"]
[Result "1/2-1/2"]
[WhiteTitle "FM"]
[BlackTitle "IM"]
[WhiteElo "2376"]
[BlackElo "2368"]
[WhiteTeam "Sigil Fund Pardubice"]
[BlackTeam "Paul Keres #1"]
[WhiteFideId "23727276"]
[BlackFideId "1011162"]
[EventDate "2025.10.19"]

1. e4 d6 2. d4 g6 3. Nc3 a6 4. Be3 b5 5. Nf3 Bg7 6. Bd3 Bb7 7. Qd2 Nd7 8. O-O-O
c5 9. dxc5 Nxc5 10. Kb1 Rc8 11. Rhe1 b4 12. Nd5 Bxd5 13. exd5 Nf6 14. Qxb4 O-O
15. Qh4 Rb8 16. Bd4 Na4 17. Bxf6 Nc3+ 18. Bxc3 Bxc3 19. b3 Bf6 20. Qh6 Bg7 21.
Qd2 Qc7 22. Re4 Qc5 23. Ra4 Qxd5 24. Bc4 Qc6 25. Qa5 Rfc8 26. Rc1 d5 27. Bxd5
Qf6 28. Nd4 Qxf2 29. Qe1 Bxd4 30. Qxf2 Bxf2 31. Rf1 Bc5 32. Bxf7+ Kg7 33. Bd5
Rd8 34. Be4 Rb6 35. Bd3 Rdd6 36. Re4 Rd7 37. Ref4 e5 38. Re4 Bd4 39. Kc1 Bc3 40.
Rc4 Bd4 41. Rc8 h5 42. Ra8 Rdd6 43. Ra7+ Kh6 44. Raf7 h4 45. R7f3 Bc5 46. Re1
Ba3+ 47. Kd2 Bb2 48. Ke2 Rd4 49. Kf1 g5 50. Rf7 Rf4+ 51. Rxf4 gxf4 52. Kf2 Kg5
53. Kf3 Rh6 54. h3 Rd6 55. a4 a5 56. Rd1 Rd4 57. Re1 Rd6 58. Re4 Bd4 59. Ke2 Kf6
60. Kd2 Rc6 61. Kd1 Rc3 62. Ke2 Rc7 63. Kf3 Rg7 64. Re2 Rg3+ 65. Ke4 Ke6 66.
Bc4+ Kd6 67. Kf5 f3 68. gxf3 Rxh3 69. Kg4 Rg3+ 70. Kxh4 Rxf3 71. Kg4 Rf2 72.
Rxf2 Bxf2 73. Kf5 Bd4 74. Ke4 Kc5 75. Kd3 Kb4 76. Bd5 Bc3 77. Bf3 1/2-1/2